000 01205nam a22003497a 4500
003 CHAP
005 20220329140218.0
008 971013s r 00010 d
010 _a48630
011 _a49602
035 _a53751
040 _cCHAP
090 _aFolleto 3665
100 0 0 _aVelasco López, Socorro.
_9118409
245 _aVariedades de maíz para el Bajío y zonas similares
_b: ciclo agrícola maicero, 1963
260 _a(s.l.) :
_bDepartamento de Extensión Agrícola,
_c(s.a.)
300 _a12 p.
_b: ilus.
590 _aBATCH-UPD
_b10
_c20130110
_lUCH01
_h0222
590 _aBATCH-UPD
_b10
_c20130110
_lUCH01
_h1126
590 _aBATCH-UPD
_b10
_c20130409
_lUCH01
_h2243
590 _aBATCH-UPD
_b10
_c20130410
_lUCH01
_h1351
590 _aBATCH-UPD
_b10
_c20130914
_lUCH01
_h1746
590 _aCONVERSION
_b10
_c20130109
_lUCH01
_h1327
650 1 4 _aMaíz.
_970848
650 1 4 _aMaíz
_xBajío.
_970891
650 1 4 _aMaíz
_xVariedades.
_971081
901 _aBK
942 _cFOLL
949 _aFolleto 3665
_bBC
_cFOLL
_d-118980
_eTS1
_i53751
_mD
_si
949 _aFolleto 3665
_bBC
_cFOLL
_d-118981
_eTS2
_fc.2
_i53751
_mD
_si
949 _aFolleto 3665
_bBC
_cFOLL
_d33724002344413
_eTS2
_fc.3
_i53751
_sb
999 _c48630
_d48630